000
00411nam a2200133Ia 4500
008
151001s9999||||xx |||||||||||||| ||und||
100
_a
नवीनचंद्र लोह्नी
245
_a
पाँच लाख का हिंदी मास्टर
250
_a
1
260
_b
भावना प्रकाशन धुळे
260
_c
2003
300
_a
79
365
_b
21
999
_c
989924
_d
989921